Empúries / Roger Marcet, Enric Sanmartí
ISBN:
84-7794-078-9
Descripción Física:
178 p. : il. ; 32 cm
Otros Autores:
Sanmartí i Grego, Enric
MARC
| LEADER | 00000nam a2200000Ia 4500 | ||
|---|---|---|---|
| 001 | 17125 | ||
| 008 | 160829s1989 xx 000 0 cat d | ||
| 020 | |a 84-7794-078-9 (tela) | ||
| 080 | |a FOL-2-93 | ||
| 100 | 1 | |a Marcet i Barbé, Roger, |d 1953- |9 54502 | |
| 245 | |a Empúries / Roger Marcet, Enric Sanmartí | ||
| 260 | |a Barcelona : |b Diputació de Barcelona, |c 1989 | ||
| 300 | |a 178 p. : |b il. ; |c 32 cm | ||
| 650 | |a Excavacions arqueològiques |x Catalunya |9 22041 | ||
| 651 | 0 | |a Empúries (Ciutat antiga) |9 54667 | |
| 700 | |a Sanmartí i Grego, Enric |9 19674 | ||
| 901 | |a Arxiu | ||
| 942 | |n 1 | ||
| 952 | |0 0 |1 0 |4 0 |6 FOL293 |7 1 |9 42208 |a Arxiu |b Arxiu |d 2016-12-01 |l 0 |o FOL-2-93 |p 17125 |r 2016-12-01 00:00:00 |w 2016-12-01 |y ARXIU | ||
| 999 | |c 44655 |d 44655 | ||